000 00808nam a22002297a 4500
003 UA-OsUOA
001 83352
007 ta
008 20120409b un ||||| |||| 00| 0 ukr d
090 _a316.3(477)
_bУ45
942 _cBK
040 _aUA-OsUOA
_bukr
_cUA-OsUOA
_dUA-OsUOA
245 _aУкраїнське суспільство 1992 - 2010
_bсоціологічний моніторинг
_cза ред. д.е.н. Ворони В., д.с.н. Шульги М.
300 _a636 с.
955 _a1
041 _aukr
080 _a316.3(477)
020 _a978-966-02-5824-2
260 _aК.
_bІн-т соціології НАН України
_c2010
650 7 _a316.3 Соціальна структура. Суспільство як соціальна система
_2UDC
999 _c369641
_d369641